| 000 | 00840cam a2200217 4500 | ||
|---|---|---|---|
| 001 | WB3733-07 | ||
| 008 | 010906n2001 000 0 eng u | ||
| 035 | _a(Sirsi) u114456 | ||
| 245 | _aBarbican complex to be listed | ||
| 260 | _c2001 | ||
| 490 |
_aDCMS News Release _v(241/01) 5 September 2001 (3) |
||
| 520 | _aGovernment decides the Barbican Complex is to be listed Grade II. The buildings to be listed are: the Barbican Complex; a 35 acre site of housing; YMCA; City of London School for Girls; the Guildhall School of Music and Drama and the Arts Centre. | ||
| 590 | _aWB | ||
| 650 | _aBARBICAN | ||
| 650 | _aLISTED BUILDINGS | ||
| 650 | _aENGLISH HERITAGE | ||
| 650 | _aHISTORIC ENVIRONMENT | ||
| 650 | _aLONDON | ||
| 690 | _aBUILT ENVIRONMENT-BUILDING MAINTENANCE AND REFURBISHMENT-BUILDING CONSERVATION | ||
| 942 | _n0 | ||
| 999 |
_c68177 _d68177 |
||